Statistics for Chicago Bears in the Hall of fame

Click here to take the quiz!

General Stats

  • This quiz has been taken 213 times
    (204 since last reset)
  • The average score is 7 of 20

Answer Stats

HintAnswer% Correct
Walter Payton
93%
Dick Butkus
77%
Mike Singletary
75%
Gale Sayers
73%
Mike Ditka
66%
Richard Dent
57%
George Halas
48%
Sid Luckman
48%
Dan Hampton
36%
Red Grange
30%
Bronco Nagurski
22%
Doug Atkins
11%
Bill Hewitt
7%
George Mcafee
7%
George Musso
5%
Stan Jones
5%
Joe Stydahar
4%
George O Connor
2%
Ed Healey
1%
William Lyman
1%

Score Distribution

Percentile by Number Answered

Percent of People with Each Score

Your Score History

You have not taken this quiz since the last reset